000 00849nam a2200217Ia 4500
001 14543
005 20260407173349.0
008 260306t2006||||xx |||||||||||||| ||spa||
041 _aESP
082 _a515.15
_bS79
100 _aStewart, James
_eAUT
245 0 _aCálculo de una variable:
_btrascendentes tempranas
260 _c2006
300 _a000 páginas :
_c00 cm.
650 _aGEN
654 _aCMA
856 _uhttps://itmsp.museknowledge.com/UCSP?url=https://www.ebooks7-24.com:443/?il=5059&pg=1
_zVersión digital (2018)
856 _uhttps://0u213vig0-y-https-ebooks7--24-com.itmsp.museknowledge.com/biblioteca.aspx
_zVéase además: Base de datos Ebook7-24
856 _uhttps://0u20fvig1-y-https-research-ebsco-com.itmsp.museknowledge.com/c/qxo6us/search
_zVéase además: Base de datos EBSCOhost
942 _cLIB
_dJUS
_fJUS
_2ddc
999 _c14543
_d14543